Cartas a un profano en Medicina / (Record no. 95671)

MARC details
000 -LEADER
campo de control de longitud fija 00600nam a2200193 i 4500
001 - NÚMERO DE CONTROL
campo de control 95671
003 - IDENTIFICADOR DE NÚMERO DE CONTROL
campo de control ES-MaACL
005 - FECHA Y HORA DE LA ÚLTIMA TRANSACCIÓN
campo de control 20230906181742.0
007 - CAMPO FIJO DE DESCRIPCIÓN FÍSICA--INFORMACIÓN GENERAL
campo de control de longitud fija t|
008 - DATOS DE LONGITUD FIJA--INFORMACIÓN GENERAL
campo de control de longitud fija 050602s1957 sp ||||1| spa d
100 1# - ENTRADA PRINCIPAL--NOMBRE DE PERSONA
Nombre de persona Lloveras, Gonçal (
Fechas asociadas al nombre 1926-)
9 (RLIN) 72939
245 10 - MENCIÓN DEL TÍTULO
Título Cartas a un profano en Medicina /
Mención de responsabilidad, etc. Dr. Gonzalo Lloveras; prólogo del Dr. Juan Vilaclara.
260 ## - PUBLICACIÓN, DISTRIBUCIÓN, ETC.
Lugar de publicación, distribución, etc. Barcelona :
Nombre del editor, distribuidor, etc. Aymá,
Fecha de publicación, distribución, etc. 1957.
300 ## - DESCRIPCIÓN FÍSICA
Extensión 170 p. ;
Dimensiones 18 cm.
490 1# - MENCIÓN DE SERIE
Mención de serie Vivir es saber. Saber es vivir
830 0# - PUNTO DE ACCESO ADICIONAL DE SERIE-TÍTULO UNIFORME
Título uniforme Vivir es saber. Saber es vivir
9 (RLIN) 182014
852 ## - LOCALIZACIÓN
Ubicación ES-MaACL
Número de control de estantería C-13941
Sublocalización o colección R.41715
Holdings
Estatus retirado Estado de pérdida Estado de daño No para préstamo Biblioteca de origen Biblioteca actual Ubicación en estantería Fecha de adquisición Fuente de adquisición Total de préstamos Signatura topográfica completa Código de barras Visto por última vez Precio de reemplazo Tipo de ítem Koha
        Biblioteca del Ateneo de Madrid Biblioteca del Ateneo de Madrid Sala Palomar 17/01/2008     C-13941 1099900 23/02/2023 23/02/2023 Libro impreso